| 000 | 01152nam a2200325 a 4500 | ||
|---|---|---|---|
| 001 | 000112557 | ||
| 003 | CHAP | ||
| 005 | 20220329144312.0 | ||
| 008 | 160616s2016 mx a fsm |||||||spa d | ||
| 010 | _a109018 | ||
| 011 | _a109990 | ||
| 040 | _cCHAP | ||
| 090 | _aTesis | ||
| 100 | 1 |
_aArrazate Argueta, Jorge Alberto _9130925 |
|
| 245 | 1 | 0 |
_aCaracterización morfológica de especies silvestres de heliconias en México/ _h[En línea] _cpor Jorge Alberto Arrazate Argueta. |
| 260 |
_aChapingo, Méx. : _bEl autor, _c2016. |
||
| 500 | _aPara ver el contenido del material haga clic en la liga | ||
| 502 | _aTesis (Agr. en Horticultura Protegida) -- UACH. Departamento de Fitotecnia | ||
| 590 |
_aBATCH _b00 _c20181121 _lUCH01 _h0758 |
||
| 590 |
_aE6096MTM _b05 _c20160616 _lUCH01 _h1509 |
||
| 590 |
_aE6096MTM _b05 _c20160616 _lUCH01 _h1509 |
||
| 650 | 1 | 4 |
_aMusaceas. _979858 |
| 650 | 1 | 4 |
_aPlantas ornamentales _xMejoramiento. _989070 |
| 650 | 1 | 4 |
_aPlantas silvestres _xGermoplasma. _989084 |
| 856 |
_a1 _n0000545 |
||
| 856 |
_aFinding aid _uhttp://10.13.5.2/tesis/sist112557.pdf _zTeclea aquí |
||
| 901 | _aBK | ||
| 942 | _cTESIS | ||
| 942 | _n0 | ||
| 999 |
_c109018 _d109018 |
||